Normal view
MARC view
- U.S .Department of the interior water and power resources services
Entry Corporate Name
001 - CONTROL NUMBER
- control field: 42347
003 - CONTROL NUMBER IDENTIFIER
- control field: NUST
005 - DATE AND TIME OF LATEST TRANSACTION
- control field: 20210314132300.0
008 - FIXED-LENGTH DATA ELEMENTS
- fixed length control field: 210314|| aca||aabn | a|a d
040 ## - CATALOGING SOURCE
- Original cataloging agency: NUST
- Transcribing agency: NUST
110 ## - HEADING--CORPORATE NAME
- Corporate name or jurisdiction name as entry element: U.S .Department of the interior water and power resources services
670 ## - SOURCE DATA FOUND
- Source citation: Work cat.: (NUST): U.S .Department of the interior water and power resources services, The earth manual /, 1990.
